000 00557nam a22002297a 4500
003 UA-OsUOA
001 244
007 ta
008 20050525b un ||||| |||| 00| 0 ukr d
100 _aЮринець І.
090 _a821.161.2
_bЮ72
942 _cBK
040 _aUA-OsUOA
_bukr
_cUA-OsUOA
_dUA-OsUOA
245 _aРусичі
_bІсторико- пригодницька повість
300 _a170 с.
955 _a3
041 _aukr
080 _a821.161.2
260 _aК.
_bМолодь
_c1989
650 7 _2UDC
999 _c286408
_d286408